000 00469nam a2200133Ia 4500
008 170221s9999 xx 000 0 und d
100 _aCarl A. Kogut
245 _aIs baseball recession-proof?
245 _cCarl A. Kogut, University of Louisiana at Monroe; Paul S. Nelson, University of Louisiana at Monroe.
260 _bJournal of Management and Marketing Research
260 _c2013
650 _xBusiness
856 _uhttp://www.aabri.com/manuscripts/131553.pdf
999 _c309597
_d309597